B. trọc /

সংরক্ষণ করুন:
গ্রন্থ-পঞ্জীর বিবরন
প্রধান লেখক: Phạm Việt Long.
বিন্যাস: গ্রন্থ
প্রকাশিত: Hà Nội : Văn học, 2002.
সংস্করন:Lần 2.
বিষয়গুলি:
ট্যাগগুলো: ট্যাগ যুক্ত করুন
কোনো ট্যাগ নেই, প্রথমজন হিসাবে ট্যাগ করুন!
Thư viện lưu trữ: Mạng thư viện Đại học Đà Nẵng
LEADER 01133cam a2200361 a 4500
001 000043770
003 1829
005 20060509161705.0
008 010217b2002 vm 000 Vie
020 |c 200000 
040 |a IRC  |c IRC  |d IRC 
041 0 |a Vie 
082 1 4 |a 895.9283408  |b PH-L 
100 1 |a Phạm Việt Long. 
245 1 0 |a B. trọc /  |c Phạm Việt Long. 
246 3 4 |a B trọc :  |b chuyện đời thường trong chiến tranh. 
250 |a Lần 2. 
260 |a Hà Nội :  |b Văn học,  |c 2002. 
300 |a 798 tr. :  |b mh. ;  |c 20 cm. 
630 0 4 |a Văn học Việt. 
650 0 4 |a Truyện Việt. 
OWN |a DUT 
AVA |a UDN50  |b DUT  |c Book  |d 895.9283408 PH-L  |e available  |t Error 5001 Not defined in file expand_doc_bib_avail.  |f 1  |g 0  |h N  |i 0  |j SH  |k 1 
999 |a From the UDN01 
AVA |a UDN50  |b DUT  |c Book  |d 895.9283408 PH-L  |e available  |t Error 5001 Not defined in file expand_doc_bib_avail.  |f 1  |g 0  |h N  |i 0  |j SH  |k 1 
TYP |a Monograph 
TYP |a Printed language 
980 |a Mạng thư viện Đại học Đà Nẵng